000 00817nam a22002537a 4500
001 BR6001268
003 BR-BrBNA
005 20241008080308.0
007 ta
008 230509b bl.||||| |||| 00| 0 por d
040 _aBR-BrBNA
_bpor
_cBiblioteca Nacional de Agricultura
041 _a(Por)
072 _aE10; F01
090 _aE10 BR6001268 OBR
_b2024-5612
110 1 _aMinisterio da Agricultura, Industria e Commercio, Rio de Janeiro, GB (Brasil). Directoria do Servico de Inspecao e Fomento Agricola
_96872
245 1 _aAspectos da economia rural brasileira
260 3 _aRio de Janeiro, GB (Brasil):
_bOf. Graf. Villas Boas e C,
_c1922.
300 _a988 p.
650 _aEconomia Agricola
650 _aCalendario Agricola
650 _aMao-de-Obra
650 _aPratica Cultural
942 _cBK
_2AGRIS
999 _c57058
_d57058